Le Dernier tango [ (Registro nro. 174909)
[ vista simple ]
| 000 -LEADER | |
|---|---|
| campo de control de longitud fija | 00889nam a2200253 4500 |
| 001 - NÚMERO DE CONTROL | |
| campo de control | 174909 |
| 003 - IDENTIFICADOR DE NÚMERO DE CONTROL | |
| campo de control | ES-MaACL |
| 005 - FECHA Y HORA DE LA ÚLTIMA TRANSACCIÓN | |
| campo de control | 20230906215705.0 |
| 008 - DATOS DE LONGITUD FIJA--INFORMACIÓN GENERAL | |
| campo de control de longitud fija | 100629s1913 fr g |||| | fre d |
| 080 ## - NÚMERO DE LA CLASIFICACIÓN DECIMAL UNIVERSAL | |
| Número de la Clasificación Decimal Universal | 78.085.321 |
| 100 1# - ENTRADA PRINCIPAL--NOMBRE DE PERSONA | |
| Nombre de persona | Doloire, E. |
| 9 (RLIN) | 143174 |
| 245 13 - MENCIÓN DEL TÍTULO | |
| Título | Le Dernier tango [ |
| Medio | música impresa] / |
| Mención de responsabilidad, etc. | paroles de A. Fourcher ; musique de E. Doloire. |
| 246 3# - FORMA VARIANTE DEL TITULO | |
| Título propio/Titulo breve | Le dernier tango |
| Resto del título | : chanson argentine |
| 260 ## - PUBLICACIÓN, DISTRIBUCIÓN, ETC. | |
| Lugar de publicación, distribución, etc. | Paris : |
| Nombre del editor, distribuidor, etc. | H. Delormel, |
| Fecha de publicación, distribución, etc. | [1913] |
| 300 ## - DESCRIPCIÓN FÍSICA | |
| Extensión | [4] p. : |
| Otras características físicas | il., partitura ; |
| Dimensiones | 27 cm. |
| 490 1# - MENCIÓN DE SERIE | |
| Mención de serie | Répertoire Georgel |
| 598 ## - NOTA LOCAL | |
| Nota local | "Les grands succes du chanteur populaire Georgel" |
| 650 #4 - PUNTO DE ACCESO ADICIONAL DE MATERIA--TÉRMINO DE MATERIA | |
| Término de materia o nombre geográfico como elemento de entrada | Tangos. |
| 9 (RLIN) | 143176 |
| 650 04 - PUNTO DE ACCESO ADICIONAL DE MATERIA--TÉRMINO DE MATERIA | |
| Término de materia o nombre geográfico como elemento de entrada | Canciones- |
| Subdivisión de forma | Partituras. |
| 9 (RLIN) | 10721 |
| 650 #4 - PUNTO DE ACCESO ADICIONAL DE MATERIA--TÉRMINO DE MATERIA | |
| Término de materia o nombre geográfico como elemento de entrada | Música popular- |
| Subdivisión geográfica | Francia. |
| 9 (RLIN) | 141241 |
| 830 0# - PUNTO DE ACCESO ADICIONAL DE SERIE-TÍTULO UNIFORME | |
| Título uniforme | Répertoire Georgel |
| 9 (RLIN) | 223811 |
| 852 4# - LOCALIZACIÓN | |
| Ubicación | ES-MaACL |
| Número de control de estantería | 2279-F-13 |
| Nota libre | . - Biblioteca Jacinto Martínez Lacalle |
| Estatus retirado | Estado de pérdida | Fuente del sistema de clasificación o colocación | Estado de daño | No para préstamo | Colección | Biblioteca de origen | Biblioteca actual | Ubicación en estantería | Fecha de adquisición | Total de préstamos | Signatura topográfica completa | Código de barras | Visto por última vez | Precio de reemplazo | Tipo de ítem Koha |
|---|---|---|---|---|---|---|---|---|---|---|---|---|---|---|---|
| Clasificación decimal universal | Colección de folletos | Biblioteca del Ateneo de Madrid | Biblioteca del Ateneo de Madrid | Depósito folletos | 29/06/2010 | 2279-F-13 | 1183643 | 23/02/2023 | 23/02/2023 | Folleto |
